000 00342nam a2200145Ia 4500
008 150201s2012 xx 000 0 und d
082 _a610.72
_bN12P
100 _aPOLIT, DENISE F.
245 _aNURSING RESEARSH
250 _a1ST
260 _bWOLTER KLUWER
_aPHILADELPHIA
_c2012
300 _a802
650 _aNURSING
942 _2ddc
_cBK
_06
999 _c2198
_d2198